Occupations of Survivor: Australian Outback Castaways Quiz Stats

 Plays Quiz not verified by Sporcle

Support Sporcle.
Go Orange.
Score 0/16 Timer 08:00
0 Plays Today
% Correct
Jerri
94.3%
Keith
93%
Alicia
92%
Tina
87.7%
Maralyn
86.3%
Rodger
85.3%
Debb
81.3%
Nick
80.7%
% Correct
Kimmi
80.3%
Kel
79%
Elisabeth
75.7%
Colby
74.7%
Amber
74.7%
Mitchell
73.3%
Michael
66.3%
Jeff
66%

You're not logged in!

Compare scores with friends on all Sporcle quizzes.
OR
Log In
Forgot?

From the Vault

Hello, My Name Is...'C'

by googlebird

These names are completely captivating.
Remove Ads.
Support Sporcle.
Get the best of Sporcle when you Go Orange. This ad-free experience offers more features, more stats, and more fun while also helping to support Sporcle. Thank you for becoming a member.

Show Comments

Extras

Created Jan 22, 2016ReportNominate
Tags:Survivor, Survivor Castaways

Top Quizzes Today


Score Distribution

Your Account Isn't Verified!

In order to create a playlist on Sporcle, you need to verify the email address you used during registration. Go to your Sporcle Settings to finish the process.

Report this User

Report this user for behavior that violates our Community Guidelines.

Details: